Transferencia de calor

Bibliographic Details
Main Author: Gonzalez García, Juan M.
Format: Section = Libro
Language:Undetermined
Spanish
Published: La Habana Pueblo y Educación 1980
Subjects:
LEADER 00516nam a2200181Ia 4500
008 240829s9999 xx 000 0 und d
040 |a BIBLIOTECA-RUPAP 621.4022 G643 
041 |a spa 
082 |a 621.4022 G643 
100 1 |a Gonzalez García, Juan M.  
245 1 0 |a Transferencia de calor 
260 |a La Habana  |b Pueblo y Educación  |c 1980 
300 |a 248 p. :il. 
650 7 |a TRANSMISION DEL CALOR 
650 7 |b  PROBLEMAS. I. Calvo Ortega, Rafael Coaut. II. Tít. 
942 |c BK  |2 ddc 
991 |a TEXTO 
999 |c 9387